Make the Bible live: (Record no. 11528)

000 -LEADER
fixed length control field 00638nam a2200205 a 4500
001 - CONTROL NUMBER
control field :::00009327$&:&@@
003 - CONTROL NUMBER IDENTIFIER
control field OkBaRHE
005 - DATE AND TIME OF LATEST TRANSACTION
control field 20000607103350.0
008 - FIXED-LENGTH DATA ELEMENTS--GENERAL INFORMATION
fixed length control field s1972 j 000 0 eng u
040 ## - CATALOGING SOURCE
Transcribing agency
100 1# - MAIN ENTRY--PERSONAL NAME
Personal name O'Neal, Glenn.
245 10 - TITLE STATEMENT
Title Make the Bible live:
Remainder of title a basic guide for preachers and teachers.
260 ## - PUBLICATION, DISTRIBUTION, ETC. (IMPRINT)
Place of publication, distribution, etc Winona Lake, IN., :
Name of publisher, distributor, etc BMH Books
Date of publication, distribution, etc c1972
300 ## - PHYSICAL DESCRIPTION
Extent 136 p. ;
Dimensions 21 cm.
650 ## - SUBJECT ADDED ENTRY--TOPICAL TERM
Topical term or geographic name as entry element Pastoral Theology
650 ## - SUBJECT ADDED ENTRY--TOPICAL TERM
Topical term or geographic name as entry element Preaching
650 ## - SUBJECT ADDED ENTRY--TOPICAL TERM
Topical term or geographic name as entry element Preaching
General subdivision Sermon Preparation
942 ## - ADDED ENTRY ELEMENTS (KOHA)
Source of classification or shelving scheme
Koha item type Books
Copies
Price effective from Lost status Permanent Location Shelving location Full call number Withdrawn status Copy number Damaged status Source of classification or shelving scheme Date acquired Barcode Koha item type Date last seen Not for loan
2010-04-14 RHEMA Bible Training CollegeGeneral StacksBV 4211 .O53 1  2010-04-149327Books2010-04-14